La muerte (Registro nro. 182794)

Detalles MARC
000 -ENCABEZADO
Número de control [NR] 00745 a2200229 4500
005 - FECHA Y HORA DE LA ÚLTIMA TRANSACCIÓN
control field 20140903174957.0
008 - DE LONGITUD FIJA DE DATOS DE ELEMENTOS - INFORMACIÓN GENERAL
Elementos de longitud fija [NR] 131212s2002 sp ||||fr|||| 000 0 spa d
020 ## - NUMERO INTERNACIONAL NORMALIZADO PARA LIBROS [R]
Número Internacional Normalizado del libro [NR] 9788481914412
040 ## - FUENTE DE CATALOGACION [NR]
Agencia de catalogación original [NR] CO-BoUCM
Idioma de catalogación [NR] spa
Quien Cataloga Jose A. Gerena
Quien Clasifica
041 00 - CODIGO DE IDIOMA [R]
Código de idioma para texto/pista de sonido o título separado [R] Español
100 1# - ASIENTO PRINCIPAL--NOMBRE PERSONAL [NR]
Nombre personal [NR] Jankélévitch, Vladimir
ID Autoridad 52831
245 13 - MENCION DE TITULO [NR]
Título [NR] La muerte
Mención de responsabilidad, etc. [NR] Vladimir Jankélévitch ; traducción y prólogo de Manuel Arranz
260 ## - PUBLICACION, DISTRIBUCION, ETC. (PIE DE IMPRENTA) [R]
Nombre del editor, distribuidor, etc. [R] Pre-Textos
Lugar de publicación, distribución, etc. [R] Valencia (España)
Fecha de publicación, distribución, etc. [R] 2002
300 ## - DESCRIPCION FISICA [R]
Extensión [R] 435 páginas
490 ## - MENCION DE SERIE [R]
Mención de serie [R] Ensayo
Designación numérica/secuencial del volumen [NR] 558
650 #7 - ASIENTO SECUNDARIO DE MATERIA - TERMINO TEMATICO [R]
Término temático o nombre geográfico como elemento de entrada [NR] Muerte
9 (RLIN) 19861
690 ## - ASUNTO AGREGADO LOCAL DE ENTRADA - TÉRMINO TEMÁTICO (OCLC, RLIN)
9 (RLIN) 42918
Acceso temático local Teoría del conocimiento
700 ## - ASIENTO SECUNDARIO - NOMBRE PERSONAL [R]
Nombre personal [NR] Arranz, Manuel
Término de relación [R] traductor
9 (RLIN) 52832
765 ## - ASIENTO DE IDIOMA ORIGINAL [R]
Título [NR] La mort
942 ## - ELEMENTOS DE ENTRADA AGREGADOS (KOHA)
Tema principal Generalidades
Tipo de ítem principal el descrito en 300a Libro
Edición 1
Parte restante de la signatura top. J339
Sistema de clasificación DEWEY
Clasificación 128.5
Existencias
Fecha de último préstamo Total préstamos Total Renewals Signatura topográfica Código de barras Última vez visto Ejemplar Costo de reposición Price effective from Tipo de ítem Perdido Sistema de clasificación Dañado No prestable Tipo de ítem específico Suprimido Ubicación habitual Ubicación actual Localización Fecha de creación Proveedor Forma de adquisición Costo
12/02/2026 12 9 128.5 J339 100139261 16/04/2026 Ej.1 93400.00 21/11/2013 Libro   DEWEY     Libro   Claustro Claustro 2do piso 21/11/2013 15 Compra 93400.00